000 00265nam a22000977a 4500
100 _aGohil,Dr. Manoj Kumar
_979769
245 _aSarojini Naidu Freedom Fighter of India
260 _aDelhi
_bNavchetna Sahitya Sadan
_c2019
650 _aChildren Book
_979826
942 _cBK
999 _c63402
_d63402